000 00994nam0a22002651 4500
001 rc\854012
005 20250622020547.0
035 _a(NLR Aleph) 006034366
090 _a7561676
_c7561676
100 _a20041129d1984 |||y0rusy50 ca
101 0 _arus
102 _aRU
105 _aa |||||||||
200 1 _aПоследние достижения в технологии шлифования с ползучей подачей
210 _a[М.]
_cБ. и.
_d1984
215 _a24 с.
_cил.
_d21
225 1 _aЦикл научно-технических докладов
_fМеталлообработка'84, Москва, 27 марта - 5 апр. 1984
700 1 _aПирс
_bТ.
701 1 _aХовес
_bТ.
712 1 2 _a"Металлообработка-84", международная специализированная выставка
_f1984
_eМосква
801 0 _aRU
_bNLR
_gpsbo
801 1 _aRU
_bELAR
_2rusmarc
852 _aNLR
_j87-6/1523
942 _cBOOK
980 _aNB